000 00649nam a2200217Ia 4500
005 20241129110227.0
008 241129s9999||||xx |||||||||||||| ||und||
020 _a978-1-032-76721-6
037 _aTB
040 _aARTS
_beng
_cARTS
041 _aeng
_2eng
084 _aX:77.2 R3
_qARTS
100 _aDas Ramesh Chandra Ed.
_9727509
245 0 _aSocial sector development and governance: empirical investigations for countries and groups
_cDas Ramesh Chandra Ed.
260 _aUK
_bRoutledge
_c2024
300 _axxviii,290p.
365 _aINR
_b1595
650 _aEconomics
942 _cTB
_hX:77.2 R3
999 _c1227798
_d1227798